000 00514nam a2200205Ia 4500
003 OSt
005 20140414143216.0
008 140130s9999 xx 000 0 und d
020 _a0439569761
050 _aPZ 7
_b.C2985MmT 2003
100 _aCazet, Denys
245 _cDenys Cazet
_aMinnie and Moo and the thanksgiving tree /
260 _bScholastic,
_c2003.
_aNew York :
300 _a48 p. :
_bcol. ill. ;
_c24 cm.
440 _v1
521 _aBR
526 _c130
942 _cBK
_2lcc
999 _c39853
_d39853